| 000 | 00552nam a2200169Ia 4500 | ||
|---|---|---|---|
| 008 | 240729s9999 xx 000 0 und d | ||
| 022 | _a2472-131X | ||
| 245 | 0 | _aJournal of Human Services: Training, Research, and Practice | |
| 260 | _aUnited States | ||
| 260 | _bRalph W. Steen Library, Stephen F. Austin State University | ||
| 650 | _a Education (General) | Social Sciences | ||
| 650 | _a Social sciences (General) | ||
| 650 | _aEducation | ||
| 856 | _uhttps://doaj.org/toc/af52a816bad0422c9e39f3804a99d47c | ||
| 942 | _2ddc | ||
| 942 | _cDOAJEJ | ||
| 999 |
_c69933 _d69933 |
||
| 945 |
_a1 _bMadushi Gamage _c1 _dMadushi Gamage |
||